000 00550nam a2200193 i 4500
001 142566
003 ES-MaACL
005 20250907063113.0
007 t|
008 071008s1967 sp ||||1| cat d
100 1 _aVillalonga, Llorenç,
_d1897-1980
_9114975
245 1 4 _aLes fures /
_cLlorenç Villalonga ; proleg de J. A. Baixeras.
250 _a[1ª ed.].
260 _aBarcelona :
_bProa,
_c1967.
300 _a188 p. ;
_c17 cm.
700 1 _aBaixeras, José A.
_924749
852 _aES-MaACL
_jC-32876
999 _c142566
_d142566